| 000 | 00517nam a2200181Ia 4500 | ||
|---|---|---|---|
| 003 | GCL | ||
| 008 | 140319s9999 xx 000 0 ara d | ||
| 040 |
_aGCL / _cGCL |
||
| 082 | 0 | 4 |
_a892.4 _bن د |
| 100 | 1 | _aنجيب الكيلانى | |
| 245 | 1 | 0 |
_aدم لفطير صهيون / _cنجيب الكيلانى |
| 260 |
_a[S.N] : _bدار النخائس ، _c1991 |
||
| 300 | _a141 ص | ||
| 490 | _a | ||
| 650 | 0 | 4 | _aالادب العبرى |
| 650 | 0 | 4 | _aالقصص العبرية المترجمة |
| 942 |
_2ddc _cBK |
||
| 999 |
_c28265 _d28265 |
||